000 00372nam a22001457a 4500
020 _a9781891121210
082 _a623.7464 LYN
100 _aLynch, David
245 _a Introduction to RF stealth
260 _aNew York
_bScitech Publishing
_c2004
300 _axv, 576p. :
_e25 cm
650 _aLow probability of intercept radar
700 _aDavid Lynch
942 _cBK
999 _c11838
_d11838